00788nam a2200229Ia 4500003000400000005001700004008004100021020002200062040000700084041000800091082001600099100001900115245006100134260002900195300001200224365001300236650002900249906006600278942001200344999001900356952018300375OSt20260107131523.0210719s2020 xx 000 0 und d a978-1-071-60442-7 cAL aeng a004.36 OHRR aOhri A9250521 aR for cloud computingb: an approach for data scientists aNew YorkbSpringerc2020 a267bHB b1995cRs aComputer Science9250522 aapproach ; cloud ; computing:an ; data ; for ; R ; scientists 2ddccBK c211930d211930 00102ddc40708CAAaALbALcSKd2021-03-03eBiblios Book Point, Surathkal-575014 | General Annualg1995.00l0o004.36 OHRRp074744r2021-07-19 00:00:00v1496.25w2021-07-19yBK